000 01049cam a2200289 a 4500
020 _a0071623388 (alk. paper) :
_c$89.95
020 _a9780071623384
_qalk. paper
082 0 0 _a658.562
_bPYZ
100 1 _aPyzdek, Thomas.
245 1 4 _aThe Six Sigma handbook: a complete guide for green belts, black belts, and managers at all levels /
_cThomas Pyzdek, Paul A. Keller.
250 _a3rd ed.
260 _aNew York :
_bMcGraw-Hill Companies,
_cc2010.
300 _axii, 548 p. :
_bill. ;
_c25 cm.
504 _aIncludes bibliographical references and index.
563 _aHB
650 0 _aProduction management
650 0 _aQuality control
650 0 _aSix sigma (Quality control standard)
650 0 _911475
650 0 _9131188
650 0 _911475
700 1 _aKeller, Paul A.
_9131189
942 _2ddc
_cBK
999 _c615185
_d615185